| 000 | 00619nam a2200217Ia 4500 | ||
|---|---|---|---|
| 003 | OSt | ||
| 005 | 20220926044544.0 | ||
| 006 | a|||||r|||| 00| 0 | ||
| 007 | ta | ||
| 008 | 220923b |||||||| |||| 00| 0 eng d | ||
| 037 | _cGeneral Book | ||
| 040 |
_aRTL _cRTL _beng |
||
| 041 |
_2eng _aeng |
||
| 082 | _aV231:28.M90<--M85, C2 | ||
| 100 |
_aHunter William Wilson _999281 |
||
| 245 | 0 |
_aBombay 1885 to 1890 _b Study in Indian administatio |
|
| 260 | _c1892 | ||
| 650 | _aHistory of Bombay | ||
| 942 |
_hV231:28.M90<--M85, C2 _cGB _2CC |
||
| 999 |
_c675200 _d675200 |
||